000 00721nam a2200289Ia 4500
005 20260324124426.0
008 008 260324s9999 xx 000 0 eng d
020 _a9780429075506
037 _aEBOOK
040 _aCRL
040 _beng
040 _cCRL
041 _2eng
041 _aeng
084 _qCRL
100 _aQuan Z. Sheng; Schahram Dustdar; Jian Yu
_91174102
245 0 _aEnabling Context-Aware Web Services
245 0 _bMethods, Architectures, and Technologies
260 _bTaylor and Francis
260 _c2010
365 _a
365 _b420
856 _uhttp://www.taylorfrancis.com/books/9780429075506
942 _cEBOOK
999 _c1768465
_d1768465